<?xml version="1.0" encoding="UTF-8"?>
<record
    xmlns:xsi="http://www.w3.org/2001/XMLSchema-instance"
    xsi:schemaLocation="http://www.loc.gov/MARC21/slim http://www.loc.gov/standards/marcxml/schema/MARC21slim.xsd"
    xmlns="http://www.loc.gov/MARC21/slim">

  <leader>03523cam a2200325 i 4500</leader>
  <controlfield tag="001">991106979921306196</controlfield>
  <controlfield tag="005">20250711124025.0</controlfield>
  <controlfield tag="008">200928s2020    enk      b    000 0 eng d</controlfield>
  <datafield tag="020" ind1=" " ind2=" ">
    <subfield code="a">9781913462031</subfield>
  </datafield>
  <datafield tag="020" ind1=" " ind2=" ">
    <subfield code="a">191346203X</subfield>
  </datafield>
  <datafield tag="035" ind1=" " ind2=" ">
    <subfield code="a">(OCoLC)1198445363</subfield>
    <subfield code="z">(OCoLC)1141155502</subfield>
  </datafield>
  <datafield tag="035" ind1=" " ind2=" ">
    <subfield code="a">(OCoLC)on1198445363</subfield>
  </datafield>
  <datafield tag="040" ind1=" " ind2=" ">
    <subfield code="a">TOH</subfield>
    <subfield code="b">eng</subfield>
    <subfield code="e">rda</subfield>
    <subfield code="c">TOH</subfield>
    <subfield code="d">BDX</subfield>
    <subfield code="d">TOH</subfield>
    <subfield code="d">OCLCO</subfield>
    <subfield code="d">OCLCF</subfield>
    <subfield code="d">SFR</subfield>
    <subfield code="d">OCLCO</subfield>
    <subfield code="d">VA@</subfield>
    <subfield code="d">YDX</subfield>
    <subfield code="d">CaOTV</subfield>
  </datafield>
  <datafield tag="041" ind1=" " ind2=" ">
    <subfield code="a">eng</subfield>
  </datafield>
  <datafield tag="050" ind1=" " ind2=" ">
    <subfield code="a">B3318.S8 </subfield>
    <subfield code="b">S3 2020</subfield>
  </datafield>
  <datafield tag="100" ind1=" " ind2=" ">
    <subfield code="a">Schopenhauer, Arthur</subfield>
    <subfield code="d">1788-1860</subfield>
    <subfield code="e">author</subfield>
    <subfield code="9">25694</subfield>
  </datafield>
  <datafield tag="245" ind1="1" ind2="0">
    <subfield code="a">On the suffering of the world</subfield>
    <subfield code="c">/ Arthur Schopenhauer ; edited and with an introduction by Eugene Thacker.</subfield>
  </datafield>
  <datafield tag="260" ind1=" " ind2=" ">
    <subfield code="a">London :</subfield>
    <subfield code="b">Repeater Books, an imprint of Watkins Media Ltd,</subfield>
    <subfield code="c">2020.</subfield>
  </datafield>
  <datafield tag="300" ind1=" " ind2=" ">
    <subfield code="a">311 pages :</subfield>
    <subfield code="b">portrait ;</subfield>
    <subfield code="c">20 cm.</subfield>
  </datafield>
  <datafield tag="504" ind1=" " ind2=" ">
    <subfield code="a">Includes bibliographical references.</subfield>
  </datafield>
  <datafield tag="505" ind1="0" ind2=" ">
    <subfield code="a">Introduction: a philosophy in ruins, an unquiet void / by Eugene Thacker &#x2014; A note on this edition &#x2014; On the vanity and suffering of life &#x2014; Additional remarks on the doctrine of the vanity of existence &#x2014; Additional remarks on the doctrine of the suffering of the world &#x2014; On death and its relation to the indestructibility of our inner nature &#x2014; On the doctrine of the indestructibility of our true nature in death &#x2014; On the doctrine of the denial of the will-to-live &#x2014; Additional remarks on the doctrine of the affirmation and denail of the will-to-live &#x2014; On suicide.</subfield>
  </datafield>
  <datafield tag="520" ind1=" " ind2=" ">
    <subfield code="a">On the Suffering of the World is a collection of the later aphoristic writings of Arthur Schopenhauer, known for their incisive, aphoristic style and dark, pessimistic view of human existence. Edited and with an introduction by Eugene Thacker, On the Suffering of the World comprises a core selection of Schopenhauer's later writings, gathered together for the first time in print. These texts, produced during the last decades of Schopenhauer's long life, reveal a unique kind of philosophy, expressed in a singular style. Eschewing the tradition of dry, totalizing, academic philosophy prevalent during the time, Schopenhauer's later writings mark a shift towards a philosophy of aphorisms, fragments, anecdotes and observations, written in a literary style that is by turns antagonistic, resigned, confessional, and filled with all the fragile contours of an intellectual memoir. Here Schopenhauer allows himself to pose challenging questions regarding the fate of the human species, the role of suffering in the world, and the rift between self and world that increasingly has come to define human existence, to this day. It is these writings of Schopenhauer that later generations of artists, poets, musicians, and philosophers would identify as exemplifying the pessimism of their era, and perhaps of our own as well. On the Suffering of the World is presented with an introduction that places Schopenhauer's thought in its intellectual context, while also connecting it to contemporary concerns over climate change, the anthropocene, and the spectre of human extinction. The book also includes a bibliography and chronology of Schopenhauer's life.</subfield>
  </datafield>
  <datafield tag="648" ind1=" " ind2="0">
    <subfield code="a">1800-1899</subfield>
    <subfield code="9">25695</subfield>
  </datafield>
  <datafield tag="650" ind1=" " ind2="0">
    <subfield code="a">Philosophy, German</subfield>
    <subfield code="y">19th century</subfield>
    <subfield code="9">25696</subfield>
  </datafield>
  <datafield tag="650" ind1=" " ind2="0">
    <subfield code="a">Suffering</subfield>
    <subfield code="9">25697</subfield>
  </datafield>
  <datafield tag="700" ind1=" " ind2=" ">
    <subfield code="a">Thacker, Eugene</subfield>
    <subfield code="e">editor</subfield>
    <subfield code="e">writer of introduction</subfield>
    <subfield code="9">25698</subfield>
  </datafield>
  <datafield tag="700" ind1=" " ind2="2">
    <subfield code="a">Schopenhauer, Arthur</subfield>
    <subfield code="d">1788-1860.</subfield>
    <subfield code="t">Welt als Wille und Vorstellung.</subfield>
    <subfield code="k">Selections.</subfield>
    <subfield code="l">English.</subfield>
    <subfield code="9">25699</subfield>
  </datafield>
  <datafield tag="700" ind1=" " ind2="2">
    <subfield code="a">Schopenhauer, Arthur</subfield>
    <subfield code="d">1788-1860.</subfield>
    <subfield code="t">Parerga und Paralipomena.</subfield>
    <subfield code="k">Selections.</subfield>
    <subfield code="l">English.</subfield>
    <subfield code="9">25700</subfield>
  </datafield>
  <datafield tag="942" ind1=" " ind2=" ">
    <subfield code="2">lcc</subfield>
  </datafield>
  <datafield tag="952" ind1=" " ind2=" ">
    <subfield code="0">0</subfield>
    <subfield code="1">0</subfield>
    <subfield code="2">lcc</subfield>
    <subfield code="4">0</subfield>
    <subfield code="7">0</subfield>
    <subfield code="a">TBS</subfield>
    <subfield code="b">TBS</subfield>
    <subfield code="d">2025-07-09</subfield>
    <subfield code="l">0</subfield>
    <subfield code="o">B3318.S8 THA</subfield>
    <subfield code="p">B05784</subfield>
    <subfield code="r">2025-07-09</subfield>
    <subfield code="t">1</subfield>
    <subfield code="w">2025-07-09</subfield>
    <subfield code="y">1</subfield>
  </datafield>
  <datafield tag="999" ind1=" " ind2=" ">
    <subfield code="c">4836</subfield>
    <subfield code="d">4836</subfield>
  </datafield>
</record>
